Applied grammatology = Gramatología aplicada /
Guardat en:
| Autor principal: | |
|---|---|
| Format: | Desconegut |
| Idioma: | English |
| Publicat: |
Baltimore :
Johns Hopkins University Press,
1985.
|
| Matèries: | |
| Etiquetes: |
Afegir etiqueta
Sense etiquetes, Sigues el primer a etiquetar aquest registre!
|
MARC
| LEADER | 000000000a22000000004500 | ||
|---|---|---|---|
| 001 | 014106 | ||
| 020 | |a 0801832578 | ||
| 041 | 0 | |a eng | |
| 082 | 0 | 4 | |a 401.41 |b U41a |
| 100 | 1 | |a Ulmer, Gregory L., |d 1944- | |
| 245 | 1 | 0 | |a Applied grammatology = |b Gramatología aplicada / |c Gregory L. Ulmer. |
| 246 | 3 | 1 | |a Gramatología aplicada |
| 260 | 1 | |a Baltimore : |b Johns Hopkins University Press, |c 1985. | |
| 300 | |a 337 páginas : |b ilustraciones ; |c 24 cm. | ||
| 650 | 4 | |a DERRIDA, JACQUES | |
| 650 | 4 | |a LENGUAJE Y LENGUAJES | |
| 650 | 4 | |a FILOSOFIA | |
| 650 | 4 | |a ESCRITURA | |
| 650 | 4 | |a ENSEÑANZA | |
| 500 | |a Colección George Yúdice | ||
| 999 | |c 20005 |d 20005 | ||
| 942 | |c BK |h 401.41 U41a |2 z | ||



